<?xml version="1.0" encoding="UTF-8"?><?xml-stylesheet type="text/xsl" href="static/style.xsl"?><OAI-PMH xmlns="http://www.openarchives.org/OAI/2.0/" xmlns:xsi="http://www.w3.org/2001/XMLSchema-instance" xsi:schemaLocation="http://www.openarchives.org/OAI/2.0/ http://www.openarchives.org/OAI/2.0/OAI-PMH.xsd"><responseDate>2026-04-27T21:51:56Z</responseDate><request verb="GetRecord" identifier="oai:uvadoc.uva.es:10324/23701" metadataPrefix="marc">https://uvadoc.uva.es/oai/request</request><GetRecord><record><header><identifier>oai:uvadoc.uva.es:10324/23701</identifier><datestamp>2022-01-11T10:55:53Z</datestamp><setSpec>com_10324_23595</setSpec><setSpec>com_10324_5186</setSpec><setSpec>com_10324_29291</setSpec><setSpec>col_10324_23607</setSpec></header><metadata><record xmlns="http://www.loc.gov/MARC21/slim" xmlns:doc="http://www.lyncode.com/xoai" xmlns:xsi="http://www.w3.org/2001/XMLSchema-instance" xmlns:dcterms="http://purl.org/dc/terms/" xsi:schemaLocation="http://www.loc.gov/MARC21/slim http://www.loc.gov/standards/marcxml/schema/MARC21slim.xsd">
<leader>00925njm 22002777a 4500</leader>
<datafield tag="042" ind1=" " ind2=" ">
<subfield code="a">dc</subfield>
</datafield>
<datafield tag="720" ind1=" " ind2=" ">
<subfield code="a">Mwewa, Muleka</subfield>
<subfield code="e">author</subfield>
</datafield>
<datafield tag="720" ind1=" " ind2=" ">
<subfield code="a">Oliveira, Marcus Aurélio Taborda de</subfield>
<subfield code="e">author</subfield>
</datafield>
<datafield tag="720" ind1=" " ind2=" ">
<subfield code="a">Fernandez Vaz, Alexandre</subfield>
<subfield code="e">author</subfield>
</datafield>
<datafield tag="260" ind1=" " ind2=" ">
<subfield code="c">2010</subfield>
</datafield>
<datafield tag="520" ind1=" " ind2=" ">
<subfield code="a">The transnational process of capoeira - Afro-Brazilian element of corporal culture - expresses itself with movements and speeches, rhythmics and lifestyles. Cultural hybridism and interculture find and exemplary locus in contemporary capoeira, that shares several elements for consumption and spectacle. The relation between popular culture and its agents is marked by capoeira, as imposition/resistance in the context of globalization. We point out that capoeira looks for legitimation as a culture practice by a movement of tensions that mix the culture dynamic.</subfield>
</datafield>
<datafield tag="520" ind1=" " ind2=" ">
<subfield code="a">A transnacionalização da capoeira, expressão da cultura do corpo afrodescentende de radicação brasileira, está demarcada pela apropriação e reinterpretação de gestos e falas, ritmos e estilos de vida. O hibridismo cultural e a interculturalidade encontram um locus exemplar na capoeira contemporânea, que incorpora muitos dos elementos que a tornam um produto mais adequado para ser consumido como espetáculo. Este movimento da prática da capoeira demarca a relação entre a cultura popular e seus postulantes, de imposição/resistência ao contexto da globalização. Argumentamos que a capoeira estabelece uma tensão no campo cultural que se manifesta na busca de legitimação, e que se encontra em discursos de seus promotores que embaralham a própria dinâmica da cultura.</subfield>
</datafield>
<datafield tag="520" ind1=" " ind2=" ">
<subfield code="a">La transnacionalización de la Capoeira, expresión de la cultura del cuerpo afrodescentende radicada en Brasil, tiene como marca la apropiación y la reinterpretación de los gestos y palabras, ritmos y estilos de vida. La hibridación cultural y la interculturalidad pueden encontrar manifestación ejemplar en la capoeira contemporánea, que incorpora muchos elementos que la hacen un producto más adecuado para su consumo como espectáculo. Este movimiento marca la relación entre la cultura popular y sus condicionantes, imposición/resistencia a la globalización. Sostenemos que la tensión que surge en la búsqueda de legitimidad en la cultura de la Capoeira, presente en los discursos de sus practicantes, chocan con la dinámica cultural.</subfield>
</datafield>
<datafield tag="024" ind2=" " ind1="8">
<subfield code="a">Agora para la educación física y el deporte, 2010, N.2, pags.151-162</subfield>
</datafield>
<datafield tag="024" ind2=" " ind1="8">
<subfield code="a">1578-2174</subfield>
</datafield>
<datafield tag="024" ind2=" " ind1="8">
<subfield code="a">http://uvadoc.uva.es/handle/10324/23701</subfield>
</datafield>
<datafield tag="024" ind2=" " ind1="8">
<subfield code="a">151</subfield>
</datafield>
<datafield tag="024" ind2=" " ind1="8">
<subfield code="a">2</subfield>
</datafield>
<datafield tag="024" ind2=" " ind1="8">
<subfield code="a">162</subfield>
</datafield>
<datafield tag="245" ind1="0" ind2="0">
<subfield code="a">Capoeria: cultura do corpo, esquemas, exportação identitária</subfield>
</datafield>
</record></metadata></record></GetRecord></OAI-PMH>